00403nam a2200157Ia 45000010006000000050017000060080041000230410008000640820017000721000030000892450094001192600009002133000007002226500008002296540008002371163720260306162842.0260306t2004||||xx |||||||||||||| ||spa|| aESP a985.601bJ87 aJulien, Catherine J.eAUT 0aHatunqolla:buna perspectiva sobre el imperio incaico desde la región del lago Titicaca c2004 ac aGEN aCHU